| 000 | 00601nam a2200181 i 4500 | ||
|---|---|---|---|
| 001 | 30804 | ||
| 003 | ES-MaACL | ||
| 005 | 20230906154246.0 | ||
| 007 | t| | ||
| 008 | 030127s1911 sp ||||1| spa d | ||
| 100 | 1 |
_aBartolomé, José Manuel. _926163 |
|
| 245 | 1 | 0 |
_aColegios universitarios de Salamanca _b: el internado de sus becarios : artículos publicados en "El Lábaro" ... / _cpor José Manuel Bartolomé. |
| 250 | _a2ª ed. | ||
| 260 |
_aSalamanca : _b[s.n.], _c1911 ( _fImp. de Calatrava) |
||
| 300 |
_a68 p. ; _c19 cm. |
||
| 852 |
_aES-MaACL _jT-1219-F-3 |
||
| 852 |
_aES-MaACL _jT-1232-F-4 |
||
| 999 |
_c30804 _d30804 |
||